000 01116camaa2200361Mi 4500
001 93460
005 20230410132922.0
008 990501s19779999sp 000 0 spa d
035 _a(OCoLC)ocn432912250
040 _aBNM
_bspa
_cBNM
_dESUDE
016 7 _abimoBNE20000523718
_2SpMaBN
017 _aM 5707-1981
020 _a8424900677
020 _a9788424900670
035 _a(OCoLC)432912250
050 1 4 _aB 171
_bB582 1977
049 _aGRAL
100 1 _aTácito, Cayo Cornelio.
130 1 _aBiblioteca Clásica Gredos.
245 1 0 _aAgrícola ; Germania ; Diálogo sobre los oradores /
_c[Cornelio Tácito ; introducciones, traducción notas de J. M. Requejo.
260 _aMadrid :
_bGredos,
_c1977
300 _a226 p.
_c20 cm.
440 0 _aBiblioteca Clásica Gredos ;
_vn.36
650 0 _aPhilosophy, Classical.
650 0 _aPhilosophy, Ancient.
650 0 _aPhilosophers, Ancient
_xBiography
700 1 _aRequejo, José María
_qRequejo Vicente.
740 0 1 _aGermania.
740 0 1 _aDiálogo sobre los oradores.
942 _2lcc
_cbk
946 _amjcruz
994 _aC0
_bDRFGD
999 _c90189
_d90189